| 000 | 00458nam a22001577a 4500 | ||
|---|---|---|---|
| 005 | 20241014074235.0 | ||
| 008 | 241014b |||||||| |||| 00| 0 eng d | ||
| 041 | _aEnglish | ||
| 082 | _a346.7 MES | ||
| 100 | _lEnglish | ||
| 245 |
_aInsolvency Law and its operation in winding-up / _cA Boraine |
||
| 260 |
_aDurban: _bLexisNexis, _c2024 |
||
| 300 |
_b67 pages ; _c26 cm. |
||
| 650 |
_aLegal practice _bLaw |
||
| 942 |
_cBK _6ALISON_BN_VRIES |
||
| 999 |
_c3216 _d3216 |
||